{"text_format":"3","workbook":"xlsx","n_sheets":1,"sheets":["Sheet1"],"read":"whole","date_system":"1900"}

{"sheet":"Sheet1","index":0,"n_rows":36,"n_cols":12,"rows_kept":36}
[]
[{"$nulls":7},"du -hs ./*"," # in /mnt/stpool1 folder"]
[null,"22T","./NData1",{"$f":"RIGHT(B3,1)","v":"T"},{"$f":"0+LEFT(B3,LEN(B3)-1)","v":22},{"$f":"IF(D3=\"K\",1024,IF(D3=\"M\",1024*1024,IF(D3=\"G\",1024*1024*1024,IF(D3=\"T\",1024*1024*1024*1024,0))))","v":1099511627776},{"$f":"E3*F3","v":24189255811072},{"$f":"MID(C3,3,255)","v":"NData1"},"./zfs-inplace-rebalancing.sh","/mnt/stpool1/",{"$f":"\"# \"&I3&\" \"&J3&\"'\"&H3&\"'\"","v":"# ./zfs-inplace-rebalancing.sh /mnt/stpool1/'NData1'"},{"$f":"\"echo \"&CHAR(34)&\"================== $(date) ==================\"&CHAR(34)&\" && echo \"&K3","v":"echo \"================== $(date) ==================\" && echo # ./zfs-inplace-rebalancing.sh /mnt/stpool1/'NData1'"}]
[null,"171G","./Shared_Data",{"$f":"RIGHT(B4,1)","v":"G"},{"$f":"0+LEFT(B4,LEN(B4)-1)","v":171},{"$f":"IF(D4=\"K\",1024,IF(D4=\"M\",1024*1024,IF(D4=\"G\",1024*1024*1024,IF(D4=\"T\",1024*1024*1024*1024,0))))","v":1073741824},{"$f":"E4*F4","v":183609851904},{"$f":"MID(C4,3,255)","v":"Shared_Data"},"./zfs-inplace-rebalancing.sh","/mnt/stpool1/",{"$f":"I4&\" \"&J4&\"'\"&H4&\"'\"","v":"./zfs-inplace-rebalancing.sh /mnt/stpool1/'Shared_Data'"},{"$f":"\"echo \"&CHAR(34)&\"================== $(date) ==================\"&CHAR(34)&\" &&  \"&K4","v":"echo \"================== $(date) ==================\" &&  ./zfs-inplace-rebalancing.sh /mnt/stpool1/'Shared_Data'"}]
[null,"106G","./appdata",{"$f":"RIGHT(B5,1)","v":"G"},{"$f":"0+LEFT(B5,LEN(B5)-1)","v":106},{"$f":"IF(D5=\"K\",1024,IF(D5=\"M\",1024*1024,IF(D5=\"G\",1024*1024*1024,IF(D5=\"T\",1024*1024*1024*1024,0))))","v":1073741824},{"$f":"E5*F5","v":113816633344},"appdata","./zfs-inplace-rebalancing.sh","/mnt/stpool1/",{"$f":"I5&\" \"&J5&\"'\"&H5&\"'\"","v":"./zfs-inplace-rebalancing.sh /mnt/stpool1/'appdata'"},{"$f":"\"echo \"&CHAR(34)&\"================== $(date) ==================\"&CHAR(34)&\" &&  \"&K5","v":"echo \"================== $(date) ==================\" &&  ./zfs-inplace-rebalancing.sh /mnt/stpool1/'appdata'"}]
[null,"87G","./Downloads",{"$f":"RIGHT(B6,1)","v":"G"},{"$f":"0+LEFT(B6,LEN(B6)-1)","v":87},{"$f":"IF(D6=\"K\",1024,IF(D6=\"M\",1024*1024,IF(D6=\"G\",1024*1024*1024,IF(D6=\"T\",1024*1024*1024*1024,0))))","v":1073741824},{"$f":"E6*F6","v":93415538688},"Downloads","./zfs-inplace-rebalancing.sh","/mnt/stpool1/","./zfs-inplace-rebalancing.sh /mnt/stpool1/'Downloads'","echo \"================== $(date) ==================\" &&  ./zfs-inplace-rebalancing.sh /mnt/stpool1/'Downloads'"]
[null,"70G","./NData4",{"$f":"RIGHT(B7,1)","v":"G"},{"$f":"0+LEFT(B7,LEN(B7)-1)","v":70},{"$f":"IF(D7=\"K\",1024,IF(D7=\"M\",1024*1024,IF(D7=\"G\",1024*1024*1024,IF(D7=\"T\",1024*1024*1024*1024,0))))","v":1073741824},{"$f":"E7*F7","v":75161927680},"NData4","./zfs-inplace-rebalancing.sh","/mnt/stpool1/","./zfs-inplace-rebalancing.sh /mnt/stpool1/'NData4'","echo \"================== $(date) ==================\" &&  ./zfs-inplace-rebalancing.sh /mnt/stpool1/'NData4'"]
[null,"56G","./synched",{"$f":"RIGHT(B8,1)","v":"G"},{"$f":"0+LEFT(B8,LEN(B8)-1)","v":56},{"$f":"IF(D8=\"K\",1024,IF(D8=\"M\",1024*1024,IF(D8=\"G\",1024*1024*1024,IF(D8=\"T\",1024*1024*1024*1024,0))))","v":1073741824},{"$f":"E8*F8","v":60129542144},"synched","./zfs-inplace-rebalancing.sh","/mnt/stpool1/","./zfs-inplace-rebalancing.sh /mnt/stpool1/'synched'","echo \"================== $(date) ==================\" &&  ./zfs-inplace-rebalancing.sh /mnt/stpool1/'synched'"]
[null,"52G","./apps",{"$f":"RIGHT(B9,1)","v":"G"},{"$f":"0+LEFT(B9,LEN(B9)-1)","v":52},{"$f":"IF(D9=\"K\",1024,IF(D9=\"M\",1024*1024,IF(D9=\"G\",1024*1024*1024,IF(D9=\"T\",1024*1024*1024*1024,0))))","v":1073741824},{"$f":"E9*F9","v":55834574848},"apps","./zfs-inplace-rebalancing.sh","/mnt/stpool1/","./zfs-inplace-rebalancing.sh /mnt/stpool1/'apps'","echo \"================== $(date) ==================\" &&  ./zfs-inplace-rebalancing.sh /mnt/stpool1/'apps'"]
[null,"43G","./NData2",{"$f":"RIGHT(B10,1)","v":"G"},{"$f":"0+LEFT(B10,LEN(B10)-1)","v":43},{"$f":"IF(D10=\"K\",1024,IF(D10=\"M\",1024*1024,IF(D10=\"G\",1024*1024*1024,IF(D10=\"T\",1024*1024*1024*1024,0))))","v":1073741824},{"$f":"E10*F10","v":46170898432},"NData2","./zfs-inplace-rebalancing.sh","/mnt/stpool1/","./zfs-inplace-rebalancing.sh /mnt/stpool1/'NData2'","echo \"================== $(date) ==================\" &&  ./zfs-inplace-rebalancing.sh /mnt/stpool1/'NData2'"]
[null,"5.7G","./ix-applications",{"$f":"RIGHT(B11,1)","v":"G"},{"$f":"0+LEFT(B11,LEN(B11)-1)","v":5.7},{"$f":"IF(D11=\"K\",1024,IF(D11=\"M\",1024*1024,IF(D11=\"G\",1024*1024*1024,IF(D11=\"T\",1024*1024*1024*1024,0))))","v":1073741824},{"$f":"E11*F11","v":{"v":6120328396.8,"d":"6120328397"}},"ix-applications","./zfs-inplace-rebalancing.sh","/mnt/stpool1/","./zfs-inplace-rebalancing.sh /mnt/stpool1/'ix-applications'","echo \"================== $(date) ==================\" &&  ./zfs-inplace-rebalancing.sh /mnt/stpool1/'ix-applications'"]
[null,"218M","./Users",{"$f":"RIGHT(B12,1)","v":"M"},{"$f":"0+LEFT(B12,LEN(B12)-1)","v":218},{"$f":"IF(D12=\"K\",1024,IF(D12=\"M\",1024*1024,IF(D12=\"G\",1024*1024*1024,IF(D12=\"T\",1024*1024*1024*1024,0))))","v":1048576},{"$f":"E12*F12","v":228589568},"Users","./zfs-inplace-rebalancing.sh","/mnt/stpool1/","./zfs-inplace-rebalancing.sh /mnt/stpool1/'Users'","echo \"================== $(date) ==================\" &&  ./zfs-inplace-rebalancing.sh /mnt/stpool1/'Users'"]
[null,"12M","./database",{"$f":"RIGHT(B13,1)","v":"M"},{"$f":"0+LEFT(B13,LEN(B13)-1)","v":12},{"$f":"IF(D13=\"K\",1024,IF(D13=\"M\",1024*1024,IF(D13=\"G\",1024*1024*1024,IF(D13=\"T\",1024*1024*1024*1024,0))))","v":1048576},{"$f":"E13*F13","v":12582912},"database","./zfs-inplace-rebalancing.sh","/mnt/stpool1/","./zfs-inplace-rebalancing.sh /mnt/stpool1/'database'","echo \"================== $(date) ==================\" &&  ./zfs-inplace-rebalancing.sh /mnt/stpool1/'database'"]
[null,"11M","./scripts",{"$f":"RIGHT(B14,1)","v":"M"},{"$f":"0+LEFT(B14,LEN(B14)-1)","v":11},{"$f":"IF(D14=\"K\",1024,IF(D14=\"M\",1024*1024,IF(D14=\"G\",1024*1024*1024,IF(D14=\"T\",1024*1024*1024*1024,0))))","v":1048576},{"$f":"E14*F14","v":11534336},"scripts","./zfs-inplace-rebalancing.sh","/mnt/stpool1/","./zfs-inplace-rebalancing.sh /mnt/stpool1/'scripts'","echo \"================== $(date) ==================\" &&  ./zfs-inplace-rebalancing.sh /mnt/stpool1/'scripts'"]
[null,"1.5M","./NData3",{"$f":"RIGHT(B15,1)","v":"M"},{"$f":"0+LEFT(B15,LEN(B15)-1)","v":1.5},{"$f":"IF(D15=\"K\",1024,IF(D15=\"M\",1024*1024,IF(D15=\"G\",1024*1024*1024,IF(D15=\"T\",1024*1024*1024*1024,0))))","v":1048576},{"$f":"E15*F15","v":1572864},"NData3","./zfs-inplace-rebalancing.sh","/mnt/stpool1/","./zfs-inplace-rebalancing.sh /mnt/stpool1/'NData3'","echo \"================== $(date) ==================\" &&  ./zfs-inplace-rebalancing.sh /mnt/stpool1/'NData3'"]
[null,"918K","./objectstore",{"$f":"RIGHT(B16,1)","v":"K"},{"$f":"0+LEFT(B16,LEN(B16)-1)","v":918},{"$f":"IF(D16=\"K\",1024,IF(D16=\"M\",1024*1024,IF(D16=\"G\",1024*1024*1024,IF(D16=\"T\",1024*1024*1024*1024,0))))","v":1024},{"$f":"E16*F16","v":940032},"objectstore","./zfs-inplace-rebalancing.sh","/mnt/stpool1/","./zfs-inplace-rebalancing.sh /mnt/stpool1/'objectstore'","echo \"================== $(date) ==================\" &&  ./zfs-inplace-rebalancing.sh /mnt/stpool1/'objectstore'"]
[null,"97K","./VMs",{"$f":"RIGHT(B17,1)","v":"K"},{"$f":"0+LEFT(B17,LEN(B17)-1)","v":97},{"$f":"IF(D17=\"K\",1024,IF(D17=\"M\",1024*1024,IF(D17=\"G\",1024*1024*1024,IF(D17=\"T\",1024*1024*1024*1024,0))))","v":1024},{"$f":"E17*F17","v":99328},"VMs","./zfs-inplace-rebalancing.sh","/mnt/stpool1/","./zfs-inplace-rebalancing.sh /mnt/stpool1/'VMs'","echo \"================== $(date) ==================\" &&  ./zfs-inplace-rebalancing.sh /mnt/stpool1/'VMs'"]
[null,"18K","./certificates",{"$f":"RIGHT(B18,1)","v":"K"},{"$f":"0+LEFT(B18,LEN(B18)-1)","v":18},{"$f":"IF(D18=\"K\",1024,IF(D18=\"M\",1024*1024,IF(D18=\"G\",1024*1024*1024,IF(D18=\"T\",1024*1024*1024*1024,0))))","v":1024},{"$f":"E18*F18","v":18432},"certificates","./zfs-inplace-rebalancing.sh","/mnt/stpool1/","./zfs-inplace-rebalancing.sh /mnt/stpool1/'certificates'","echo \"================== $(date) ==================\" &&  ./zfs-inplace-rebalancing.sh /mnt/stpool1/'certificates'"]
[null,"9.5K","./network",{"$f":"RIGHT(B19,1)","v":"K"},{"$f":"0+LEFT(B19,LEN(B19)-1)","v":9.5},{"$f":"IF(D19=\"K\",1024,IF(D19=\"M\",1024*1024,IF(D19=\"G\",1024*1024*1024,IF(D19=\"T\",1024*1024*1024*1024,0))))","v":1024},{"$f":"E19*F19","v":9728},"network","./zfs-inplace-rebalancing.sh","/mnt/stpool1/","./zfs-inplace-rebalancing.sh /mnt/stpool1/'network'","echo \"================== $(date) ==================\" &&  ./zfs-inplace-rebalancing.sh /mnt/stpool1/'network'"]
[null,"2.0K","./cctv",{"$f":"RIGHT(B20,1)","v":"K"},{"$f":"0+LEFT(B20,LEN(B20)-1)","v":2},{"$f":"IF(D20=\"K\",1024,IF(D20=\"M\",1024*1024,IF(D20=\"G\",1024*1024*1024,IF(D20=\"T\",1024*1024*1024*1024,0))))","v":1024},{"$f":"E20*F20","v":2048},"cctv","./zfs-inplace-rebalancing.sh","/mnt/stpool1/","./zfs-inplace-rebalancing.sh /mnt/stpool1/'cctv'","echo \"================== $(date) ==================\" &&  ./zfs-inplace-rebalancing.sh /mnt/stpool1/'cctv'"]
[]
[{"$nulls":7},"du -s ./*"," # in /mnt/stpool1/NData1/Media folder"]
[null,13654076349,"./Movies",{"$nulls":3},{"$f":"B23","v":13654076349},{"$f":"MID(C23,3,255)","v":"Movies"},"./zfs-inplace-rebalancing.sh","/mnt/stpool1/NData1/Media/",{"$f":"\"# \"&I23&\" \"&J23&\"'\"&H23&\"'\"","v":"# ./zfs-inplace-rebalancing.sh /mnt/stpool1/NData1/Media/'Movies'"},{"$f":"\"echo \"&CHAR(34)&\"================== $(date) ==================\"&CHAR(34)&\" && echo \"&K23","v":"echo \"================== $(date) ==================\" && echo # ./zfs-inplace-rebalancing.sh /mnt/stpool1/NData1/Media/'Movies'"}]
[null,6328376900,"./TV Shows",{"$nulls":3},{"$f":"B24","v":6328376900},{"$f":"MID(C24,3,255)","v":"TV Shows"},"./zfs-inplace-rebalancing.sh","/mnt/stpool1/NData1/Media/",{"$f":"I24&\" \"&J24&\"'\"&H24&\"'\"","v":"./zfs-inplace-rebalancing.sh /mnt/stpool1/NData1/Media/'TV Shows'"},{"$f":"\"echo \"&CHAR(34)&\"================== $(date) ==================\"&CHAR(34)&\" &&  \"&K24","v":"echo \"================== $(date) ==================\" &&  ./zfs-inplace-rebalancing.sh /mnt/stpool1/NData1/Media/'TV Shows'"}]
[null,721048005,"./Music",{"$nulls":3},{"$f":"B25","v":721048005},{"$f":"MID(C25,3,255)","v":"Music"},"./zfs-inplace-rebalancing.sh","/mnt/stpool1/NData1/Media/",{"$f":"I25&\" \"&J25&\"'\"&H25&\"'\"","v":"./zfs-inplace-rebalancing.sh /mnt/stpool1/NData1/Media/'Music'"},"echo \"================== $(date) ==================\" &&  ./zfs-inplace-rebalancing.sh /mnt/stpool1/NData1/Media/'Music'"]
[null,336677305,"./_Staging",{"$nulls":3},{"$f":"B26","v":336677305},{"$f":"MID(C26,3,255)","v":"_Staging"},"./zfs-inplace-rebalancing.sh","/mnt/stpool1/NData1/Media/","./zfs-inplace-rebalancing.sh /mnt/stpool1/NData1/Media/'_Staging'","echo \"================== $(date) ==================\" &&  ./zfs-inplace-rebalancing.sh /mnt/stpool1/NData1/Media/'_Staging'"]
[null,81408620,"./Home Videos",{"$nulls":3},{"$f":"B27","v":81408620},{"$f":"MID(C27,3,255)","v":"Home Videos"},"./zfs-inplace-rebalancing.sh","/mnt/stpool1/NData1/Media/","./zfs-inplace-rebalancing.sh /mnt/stpool1/NData1/Media/'Home Videos'","echo \"================== $(date) ==================\" &&  ./zfs-inplace-rebalancing.sh /mnt/stpool1/NData1/Media/'Home Videos'"]
[null,55289013,"./Pictures",{"$nulls":3},{"$f":"B28","v":55289013},{"$f":"MID(C28,3,255)","v":"Pictures"},"./zfs-inplace-rebalancing.sh","/mnt/stpool1/NData1/Media/","./zfs-inplace-rebalancing.sh /mnt/stpool1/NData1/Media/'Pictures'","echo \"================== $(date) ==================\" &&  ./zfs-inplace-rebalancing.sh /mnt/stpool1/NData1/Media/'Pictures'"]
[null,40578886,"./Movies 3D",{"$nulls":3},{"$f":"B29","v":40578886},{"$f":"MID(C29,3,255)","v":"Movies 3D"},"./zfs-inplace-rebalancing.sh","/mnt/stpool1/NData1/Media/","./zfs-inplace-rebalancing.sh /mnt/stpool1/NData1/Media/'Movies 3D'","echo \"================== $(date) ==================\" &&  ./zfs-inplace-rebalancing.sh /mnt/stpool1/NData1/Media/'Movies 3D'"]
[null,18002661,"./Videos",{"$nulls":3},{"$f":"B30","v":18002661},{"$f":"MID(C30,3,255)","v":"Videos"},"./zfs-inplace-rebalancing.sh","/mnt/stpool1/NData1/Media/","./zfs-inplace-rebalancing.sh /mnt/stpool1/NData1/Media/'Videos'","echo \"================== $(date) ==================\" &&  ./zfs-inplace-rebalancing.sh /mnt/stpool1/NData1/Media/'Videos'"]
[null,15566379,"./Substance, The (2024)",{"$nulls":3},{"$f":"B31","v":15566379},{"$f":"MID(C31,3,255)","v":"Substance, The (2024)"},"./zfs-inplace-rebalancing.sh","/mnt/stpool1/NData1/Media/","./zfs-inplace-rebalancing.sh /mnt/stpool1/NData1/Media/'Substance, The (2024)'","echo \"================== $(date) ==================\" &&  ./zfs-inplace-rebalancing.sh /mnt/stpool1/NData1/Media/'Substance, The (2024)'"]
[null,13917180,"./Books",{"$nulls":3},{"$f":"B32","v":13917180},{"$f":"MID(C32,3,255)","v":"Books"},"./zfs-inplace-rebalancing.sh","/mnt/stpool1/NData1/Media/","./zfs-inplace-rebalancing.sh /mnt/stpool1/NData1/Media/'Books'","echo \"================== $(date) ==================\" &&  ./zfs-inplace-rebalancing.sh /mnt/stpool1/NData1/Media/'Books'"]
[null,17,"./Podcasts",{"$nulls":3},{"$f":"B33","v":17},{"$f":"MID(C33,3,255)","v":"Podcasts"},"./zfs-inplace-rebalancing.sh","/mnt/stpool1/NData1/Media/","./zfs-inplace-rebalancing.sh /mnt/stpool1/NData1/Media/'Podcasts'","echo \"================== $(date) ==================\" &&  ./zfs-inplace-rebalancing.sh /mnt/stpool1/NData1/Media/'Podcasts'"]
[null,17,"./text",{"$nulls":3},{"$f":"B34","v":17},{"$f":"MID(C34,3,255)","v":"text"},"./zfs-inplace-rebalancing.sh","/mnt/stpool1/NData1/Media/","./zfs-inplace-rebalancing.sh /mnt/stpool1/NData1/Media/'text'","echo \"================== $(date) ==================\" &&  ./zfs-inplace-rebalancing.sh /mnt/stpool1/NData1/Media/'text'"]
[null,9,"./nextcloud.json",{"$nulls":3},{"$f":"B35","v":9},{"$f":"MID(C35,3,255)","v":"nextcloud.json"},"./zfs-inplace-rebalancing.sh","/mnt/stpool1/NData1/Media/","./zfs-inplace-rebalancing.sh /mnt/stpool1/NData1/Media/'nextcloud.json'","echo \"================== $(date) ==================\" &&  ./zfs-inplace-rebalancing.sh /mnt/stpool1/NData1/Media/'nextcloud.json'"]
[null,9,"./nextcloud.log",{"$nulls":3},{"$f":"B36","v":9},{"$f":"MID(C36,3,255)","v":"nextcloud.log"},"./zfs-inplace-rebalancing.sh","/mnt/stpool1/NData1/Media/","./zfs-inplace-rebalancing.sh /mnt/stpool1/NData1/Media/'nextcloud.log'","echo \"================== $(date) ==================\" &&  ./zfs-inplace-rebalancing.sh /mnt/stpool1/NData1/Media/'nextcloud.log'"]